000 00627nam a22002177a 4500
005 20230313072032.0
008 230313b |||||||| |||| 00| 0 eng d
020 _a978-93-5056-229-1
082 _a664 Sh561 2014
100 _aShrivastava, Pradeep
_eauthor
245 _aTechnology of cereal, fruits and vegetables /
_cDr. Pradeep Shrivastava, Dr. Abha Swarup
260 _aNew Delhi, IN:
_bDiscovery Publishing House,
_cc2014
300 _a314p.:
_bill.
504 _aIncludes index
541 _e5228
650 _aFood
650 _aGrain
650 _aFruit
650 _aVegetables
700 _aSwarup, Abha
_eauthor
999 _c1771
_d1771